Statistics for Countries by A-Z Capital City

Click here to take the quiz!

General Stats

  • This quiz has been taken 147 times
  • The average score is 139 of 196

Answer Stats

Capital City Country % Correct
Abu DhabiUnited Arab Emirates
97%
AthensGreece
97%
BrusselsBelgium
97%
CairoEgypt
97%
CopenhagenDenmark
97%
DublinIreland
97%
BerlinGermany
97%
BeijingChina
97%
BangkokThailand
97%
AmsterdamNetherlands
97%
BrasíliaBrazil
96%
BernSwitzerland
96%
Buenos AiresArgentina
96%
Kuwait CityKuwait
95%
MadridSpain
95%
Addis AbabaEthiopia
95%
KingstonJamaica
95%
Guatemala CityGuatemala
95%
AlgiersAlgeria
95%
JerusalemIsrael
95%
JakartaIndonesia
95%
LisbonPortugal
95%
CanberraAustralia
95%
MoscowRussia
93%
BogotáColombia
93%
MonacoMonaco
93%
LuxembourgLuxembourg
93%
HelsinkiFinland
93%
BudapestHungary
93%
KievUkraine
93%
BaghdadIraq
93%
LimaPeru
93%
Mexico CityMexico
93%
HanoiVietnam
92%
LondonUnited Kingdom
92%
DjiboutiDjibouti
92%
IslamabadPakistan
92%
KathmanduNepal
92%
HavanaCuba
92%
Andorra la VellaAndorra
92%
Kuala LumpurMalaysia
91%
AnkaraTurkey
91%
BeirutLebanon
89%
OttawaCanada
89%
OsloNorway
89%
New DelhiIndia
89%
ManilaPhilippines
89%
DamascusSyria
89%
BucharestRomania
88%
BissauGuinea-Bissau
88%
DhakaBangladesh
88%
Panama CityPanama
88%
CaracasVenezuela
88%
ParisFrance
88%
BelgradeSerbia
86%
NairobiKenya
86%
BratislavaSlovakia
86%
MinskBelarus
85%
KabulAfghanistan
85%
SeoulSouth Korea
85%
SingaporeSingapore
84%
PragueCzech Republic
84%
Pretoria, Cape Town or BloemfonteinSouth Africa
84%
DohaQatar
84%
PyongyangNorth Korea
82%
AmmanJordan
82%
RomeItaly
82%
StockholmSweden
81%
ReykjavíkIceland
81%
MontevideoUruguay
81%
Phnom PenhCambodia
81%
LjubljanaSlovenia
80%
AbujaNigeria
80%
BakuAzerbaijan
80%
La Paz or SucreBolivia
80%
AsunciónParaguay
78%
KhartoumSudan
78%
HarareZimbabwe
78%
ChişinăuMoldova
78%
AccraGhana
77%
TokyoJapan
77%
NicosiaCyprus
77%
TaipeiTaiwan
77%
SofiaBulgaria
77%
San SalvadorEl Salvador
77%
SantiagoChile
76%
DakarSenegal
76%
São ToméSão Tomé and Príncipe
74%
San MarinoSan Marino
74%
QuitoEcuador
74%
MuscatOman
74%
SarajevoBosnia and Herzegovina
73%
Port-au-PrinceHaiti
73%
RigaLatvia
73%
NassauBahamas
73%
Vatican CityVatican City
73%
RiyadhSaudi Arabia
72%
AntananarivoMadagascar
72%
BrazzavilleRepublic of the Congo
72%
MogadishuSomalia
72%
Nur-SultanKazakhstan
72%
UlaanbaatarMongolia
70%
ViennaAustria
70%
Washington D.CUnited States
70%
TunisTunisia
70%
PristinaKosovo
70%
KampalaUganda
69%
DiliEast Timor
69%
TallinnEstonia
69%
TehranIran
69%
KinshasaDemocratic Republic of the Congo
69%
PodgoricaMontenegro
69%
WarsawPoland
69%
MaléMaldives
68%
Sri Jayawardenapura KotteSri Lanka
68%
BishkekKyrgyzstan
68%
RabatMorocco
68%
Santo DomingoDominican Republic
66%
SkopjeNorth Macedonia
66%
WellingtonNew Zealand
66%
TripoliLibya
65%
LuandaAngola
65%
JubaSouth Sudan
65%
Bandar Seri BegawanBrunei
65%
TbilisiGeorgia
64%
ApiaSamoa
64%
AshgabatTurkmenistan
64%
BridgetownBarbados
64%
FreetownSierra Leone
64%
ZagrebCroatia
62%
KigaliRwanda
62%
MonroviaLiberia
62%
BelmopanBelize
62%
TiranaAlbania
61%
GeorgetownGuyana
61%
ManaguaNicaragua
61%
ParamariboSuriname
61%
DodomaTanzania
59%
Sana'aYemen
59%
DushanbeTajikistan
58%
NaypyidawMyanmar
58%
BamakoMali
58%
San JoséCosta Rica
58%
VaduzLiechtenstein
57%
VilniusLithuania
57%
TashkentUzbekistan
57%
AsmaraEritrea
57%
VallettaMalta
57%
Port MoresbyPapua New Guinea
55%
ManamaBahrain
55%
LusakaZambia
54%
Port-of-SpainTrinidad and Tobago
54%
N'DjamenaChad
54%
ConakryGuinea
53%
CastriesSaint Lucia
53%
LilongweMalawi
53%
OuagadougouBurkina Faso
51%
BanguiCentral African Republic
51%
FunafutiTuvalu
51%
VientianeLaos
51%
BasseterreSaint Kitts and Nevis
51%
LoméTogo
50%
WindhoekNamibia
50%
ThimphuBhutan
50%
MaputoMozambique
50%
TegucigalpaHonduras
49%
NiameyNiger
49%
GaboroneBotswana
49%
YerevanArmenia
49%
SuvaFiji
49%
KingstownSaint Vincent and the Grenadines
47%
LibrevilleGabon
47%
RoseauDominica
46%
BanjulGambia
46%
VictoriaSeychelles
46%
Nuku'alofaTonga
45%
MaseruLesotho
45%
Saint George'sGrenada
43%
Port LouisMauritius
43%
Porto-Novo or CotonouBenin
43%
HoniaraSolomon Islands
43%
Port VilaVanuatu
42%
MoroniComoros
42%
MbabaneEswatini
42%
PraiaCape Verde
42%
Saint John'sAntigua and Barbuda
41%
NouakchottMauritania
41%
GitegaBurundi
41%
South TarawaKiribati
39%
MalaboEquatorial Guinea
38%
YamoussoukroCote d'Ivoire
38%
YaoundéCameroon
38%
NgerulmudPalau
36%
PalikirFederated States of Micronesia
35%
MajuroMarshall Islands
35%
YarenNauru
35%

Score Distribution

Percentile by Number Answered

Percent of People with Each Score

Your Score History

You have not taken this quiz